| Tag |
First Indicator |
Second Indicator |
Subfields |
| LEADER |
00000cam a2200000 i 4500 |
| 001 |
in00000665309 |
| 005 |
20151015080239.0 |
| 008 |
790611s1977 enka b 00110 eng |
| 010 |
|
|
|a 79307324
|
| 015 |
|
|
|a GB***
|
| 020 |
|
|
|a 090440644X
|
| 035 |
|
|
|a (OCoLC)04865426
|
| 035 |
|
|
|9 ACX6108AM
|
| 040 |
|
|
|a DLC
|c DLC
|d TXA
|d UtOrBLW
|
| 049 |
|
|
|a TXAM
|c [1384763]
|
| 050 |
0 |
0 |
|a TH6021
|b .B75 1977
|
| 082 |
0 |
|
|a 696
|
| 110 |
2 |
|
|a Building Research Establishment.
|
| 245 |
1 |
0 |
|a Services and environmental engineering :
|b essential information from the Building Research Establishment.
|
| 264 |
|
1 |
|a Lancaster, Eng. ;
|a New York :
|b Construction Press,
|c 1977.
|
| 300 |
|
|
|a 253 pages :
|b illustrations ;
|c 31 cm.
|
| 336 |
|
|
|a text
|b txt
|2 rdacontent
|
| 337 |
|
|
|a unmediated
|b n
|2 rdamedia
|
| 338 |
|
|
|a volume
|b nc
|2 rdacarrier
|
| 490 |
1 |
|
|a BRE digests
|
| 504 |
|
|
|a Includes bibliographical references and indexes.
|
| 650 |
|
0 |
|a Buildings
|x Environmental engineering.
|
| 650 |
|
0 |
|a Plumbing.
|
| 830 |
|
0 |
|a Building Research Establishment digests.
|
| 999 |
|
|
|a MARS
|
| 999 |
f |
f |
|s 3453e277-2e87-3218-a428-d2e7b7b3a5b5
|i 01ffaff9-1d36-308d-b1b3-914378dfd4f0
|t 0
|
| 952 |
f |
f |
|p ric
|a Texas A&M University
|b Rellis Campus
|c Joint Library Facility
|d Remote Storage
|t 0
|e TH6021 .B75 1977
|h Library of Congress classification
|i unmediated -- volume
|m A14805412233
|
| 998 |
f |
f |
|a TH6021 .B75 1977
|t 0
|l Remote Storage
|